Guess the Disney Song II Quiz Stats

 Plays Quiz not verified by Sporcle

Challenge
Share
Tweet
Embed
Score 0/208 Timer 10:00
0 Plays Today
% Correct
the
98.7%
the
98.7%
And
98.7%
the
98.7%
And
98.7%
the
98.7%
And
98.7%
the
98.7%
And
98.7%
the
98.7%
And
98.7%
and
98.7%
and
98.7%
And
98.7%
the
98.7%
a
98.7%
a
98.7%
the
98.7%
the
98.7%
And
98.7%
the
98.7%
And
98.7%
the
98.7%
And
98.7%
the
98.7%
And
98.7%
the
98.7%
And
98.7%
and
98.7%
and
98.7%
And
98.7%
the
98.7%
I
97.2%
I
97.2%
I
97.2%
I
97.2%
I
97.2%
I
97.2%
I
97.2%
I
97.2%
I
97.2%
you
88.9%
you
88.9%
you...
88.9%
be
80.8%
is
77.2%
is
77.2%
is
77.2%
to
76.2%
to
76.2%
in
75.4%
in
75.4%
in
75.4%
in
75.4%
so
71.5%
see
68.7%
where
68.7%
see
68.7%
see
68.7%
see
68.7%
where
68.7%
see
68.7%
see
68.7%
see
68.7%
see
68.7%
It's
67.1%
it's
67.1%
it's
67.1%
it's
67.1%
It's
67.1%
% Correct
it's
67.1%
it's
67.1%
it's
67.1%
like
65.5%
like
65.5%
like
65.5%
like
65.5%
that
65.3%
that
65.3%
that
65.3%
that
65.3%
that
65.3%
go
65%
I'm
64.2%
I'm
64.2%
I'm
64.2%
I'm
64.2%
I'm
64.2%
I'm
64.2%
at
63%
at
63%
at
63%
at
63%
at
63%
at
63%
know
62.2%
If
61.9%
how
61.4%
All
59.6%
All
59.6%
All
59.6%
all
59.6%
light
59.6%
light
59.6%
All
59.6%
All
59.6%
All
59.6%
All
59.6%
light
59.6%
light
59.6%
All
59.6%
Now
58.5%
here
58.5%
Now
58.5%
here
58.5%
here
58.5%
Now
58.5%
Now
58.5%
here
58.5%
Now
58.5%
here
58.5%
here
58.5%
Now
58.5%
Now
58.5%
has
58%
has
58%
has
58%
Just
57.5%
they
57.3%
from
55.4%
last
54.9%
last
54.9%
last
54.9%
last
54.9%
were
53.9%
meant
53.1%
meant
53.1%
world
52.6%
world
52.6%
new
52.3%
% Correct
new
52.3%
time
52.1%
time
52.1%
those
51.8%
those
51.8%
I've
51.8%
those
51.8%
those
51.8%
been
51.3%
fog
51%
fog
51%
lifted
50.8%
lifted
50.8%
once
50.5%
once
50.5%
sky
50.3%
sky
50.3%
days
49.7%
clear
49.7%
days
49.7%
clear
49.7%
Never
49.5%
bright
49.5%
Never
49.5%
bright
49.5%
way
48.2%
real
46.6%
real
46.6%
years
46.4%
years
46.4%
warm
45.6%
everything
45.6%
warm
45.6%
everything
45.6%
knowing
43.8%
she's
43.8%
she's
43.8%
she's
43.8%
shifted
43.3%
shifted
43.3%
watching
43%
looking
42.7%
somehow
42.7%
Things
42.7%
somehow
42.7%
Suddenly
42.2%
Suddenly
42.2%
crystal
41.7%
starlight
41.5%
different
41.5%
starlight
41.5%
different
41.5%
outside
40.7%
down
40.4%
even
39.6%
windows
38.9%
blind
38.9%
seeing
38.9%
Standing
37.3%
truly
37.3%
looks
37%
looks
37%
daydream
36.5%
living
36.5%
blur
35.5%
Blinking
35%
chasing
33.7%
Shining
33.7%

You're not logged in!

Compare scores with friends on all Sporcle quizzes.
Join for Free
OR
Log In

You Might Also Like...

Show Comments

Extras

Top Quizzes Today


Score Distribution

Your Account Isn't Verified!

In order to create a playlist on Sporcle, you need to verify the email address you used during registration. Go to your Sporcle Settings to finish the process.

Report this User

Report this user for behavior that violates our Community Guidelines.

Details: